| 000 | 00521nam a2200181Ia 4500 | ||
|---|---|---|---|
| 003 | GCL | ||
| 008 | 140319s9999 xx 000 0 ara d | ||
| 040 |
_aGCL / _cGCL |
||
| 082 | 0 | 4 |
_a956.501 _bا ا |
| 100 | 1 | _aاسد رستم | |
| 245 | 1 | 0 |
_aالاصول العربية لتاريخ سورية فى عهد محمد على باشا / _cاسد رستم |
| 260 |
_a[S.N] : _bدار الكتب المصرية |
||
| 300 | _a129 ص | ||
| 490 | _a | ||
| 650 | 0 | 4 | _aسوريا |
| 650 | 0 | 4 | _aالتاريخ |
| 942 |
_2ddc _cBK |
||
| 999 |
_c58805 _d58805 |
||